Normal view MARC view

Entry Nome pessoal

Number of records used in: 2

001 - NÚMERO DE CONTROLE

  • campo de controle: 791

003 - IDENTIFICADOR DO NÚMERO DE CONTROLE

  • campo de controle: Br

005 - DATA E HORÁRIO DA ÚLTIMA TRANSAÇÃO

  • campo de controle: 20250404101217.0

008 - CAMPO DE DADOS FIXOS

  • campo de controle de tamanho fixo: 971202n| acnnnaab| aaaa |d

024 7# - OUTRO IDENTIFICADOR PADRÃO

  • Número padrão ou código: http://viaf.org/viaf/669150323666009971631
  • Fonte: VIAF

035 ## - NÚMERO DE CONTROLE DO SISTEMA

  • Número de Controle do Sistema: 97120214573285E19

040 ## - FONTE DA CATALOGAÇÃO

  • Instituição da catalogação original: Br
  • Instituição que transcreveu o registro: Br
  • Idioma da catalogação: por

100 0# - CABEÇALHO--NOME PESSOAL

  • Nome pessoal: Carlos, Antonio
  • Títulos e outras palavras associadas a um nome: (Espírito).

400 0# - REMISSIVA VER--NOME PESSOAL

  • Nome pessoal: Antonio Carlos
  • Títulos e outras palavras associadas a um nome: (Espírito)

670 ## - FONTE POSITIVA DOS DADOS

  • Citação da fonte positiva dos dados: Autor de: Reconciliação...1991.

670 ## - FONTE POSITIVA DOS DADOS

  • Citação da fonte positiva dos dados: Liv. cat

670 ## - FONTE POSITIVA DOS DADOS

  • Citação da fonte positiva dos dados: VIAF 25/08/2020

675 ## - FONTE NEGATIVA DOS DADOS

  • Citação da fonte positiva dos dados: Acc. list.
  • Citação da fonte positiva dos dados: CA-FGV, 28/12/96.
  • Citação da fonte positiva dos dados: LC authorities 25/08/2020

Powered by Koha